| Поле | Название | Значение |
| |
Тип записи |
a |
| |
Библиографический уровень |
m |
| 001 |
Контрольный номер |
RU/URAIT/584020 |
| 005 |
Дата корректировки |
20260429163603.9 |
| 008 |
Кодируемые данные |
260429s2026 RU y f j 000 0 rus u |
| 020 |
Индекс ISBN |
__ |
| a |
ISBN |
978-5-534-03196-6 |
| c |
Цена, тираж |
1559.00 |
| 040 |
Источник каталогиз. |
__ |
| a |
Служба первич. каталог. |
ИКО Юрайт |
| c |
Служба, преобразующая запись |
ИКО Юрайт |
| e |
Правила каталог. |
RCR |
| 041 |
Код языка издания |
__ |
| a |
Код языка текста |
rus |
| 044 |
Код страны публикации |
__ |
| a |
Код страны публикации |
RU |
| 080 |
Индекс УДК |
__ |
| a |
Индекс УДК |
621.865.8(075.8) |
| 084 |
Индекс другой классификации/Индекс ББК |
__ |
| 2 |
Источник индекса |
rubbk |
| a |
Индекс другой классификации/Индекс ББК |
32.85я73 |
| 100 |
Автор |
__ |
| a |
Автор |
Ивашов Е. Н. |
| q |
Полное имя |
Ивашов Евгений Николаевич |
| 245 |
Заглавие |
__ |
| a |
Заглавие |
Теория механизмов и машин. Проектирование элементов и устройств технологических систем электронной техники |
| b |
Продолж. заглавия |
учебник для вузов |
| c |
Ответственность |
Е. Н. Ивашов, П. А. Лучников, А. С. Сигов, С. В. Степанчиков ; под редакцией А. С. Сигова. |
| 250 |
Сведения об издании |
__ |
| g |
|
пер. и доп |
| a |
Основные сведения об издании |
2-е изд. |
| 256 |
Характеристики компьютерного файла |
__ |
| a |
Характеристики компьютерного файла |
Электрон. дан. |
| 260 |
Выходные данные |
__ |
| a |
Место издания |
Москва |
| b |
Издательство |
Юрайт |
| c |
Дата издания |
2026 |
| 300 |
Физическое описание |
__ |
| a |
Объем |
369 с |
| 440 |
Серия |
__ |
| a |
Серия |
Высшее образование |
| 500 |
Примечания |
__ |
| a |
Примечание |
URL: https://urait.ru/bcode/584020 (дата обращения: 29.04.2026). |
| 520 |
Аннотация |
__ |
| a |
Аннотация |
В учебнике рассмотрены общие и специальные вопросы проектирования элементов и устройств технологических систем электронной техники вакуумных систем оборудования тонкопленочной технологии, вакуумных устройств с бесконтактным магнитным взаимодействием, магнитных и электромагнитных систем вакуумного технологического оборудования, l-координатных исполнительных устройств, устройств на основе волнового движения и вводов движения в вакуум, опорных узлов, различных передаточных механизмов, трибосопряжений с модифицирующими полимерными покрытиями, электростатических крепежных устройств, а также вопросы расчета функциональных систем вакуумного оборудования на привносимый уровень загрязнений, газовыделение и др. Учебный материал соответствует курсу «Теория механизмов и машин», он четко систематизирован, дан в доступной для понимания форме. Текст содержит чертежи, информативные схемы, таблицы и графики. Главным плюсом учебника является наличие большого количества методологически эффективных практических примеров с разбором решений. |
| 538 |
Прим. о системных особенностях |
__ |
| a |
Прим. о системных особенностях |
Режим доступа: Электронно-библиотечная система Юрайт, для авториз. пользователей |
| 653 |
Ключевые слова |
__ |
| a |
Ключевые слова |
Электротехника, электроника, телекоммуникации |
| 653 |
Ключевые слова |
__ |
| a |
Ключевые слова |
Технические науки |
| 653 |
Ключевые слова |
__ |
| a |
Ключевые слова |
Компьютерное моделирование и проектирование электронных приборов и устройств |
| 653 |
Ключевые слова |
__ |
| a |
Ключевые слова |
Основы компьютерного проектирования и моделирования радиоэлектронных средств |
| 653 |
Ключевые слова |
__ |
| a |
Ключевые слова |
Теория механизмов и машин |
| 653 |
Ключевые слова |
__ |
| a |
Ключевые слова |
Проектирование электротехнических устройств |
| 653 |
Ключевые слова |
__ |
| a |
Ключевые слова |
Основы проектирования электронной компонентной базы |
| 653 |
Ключевые слова |
__ |
| a |
Ключевые слова |
Проектирование и технология электронной компонентной базы |
| 653 |
Ключевые слова |
__ |
| a |
Ключевые слова |
Схемотехническое проектирование электронных средств |
| 653 |
Ключевые слова |
__ |
| a |
Ключевые слова |
Теория машин и механизмов |
| 653 |
Ключевые слова |
__ |
| a |
Ключевые слова |
Основы теории машин и механизмов |
| 653 |
Ключевые слова |
__ |
| a |
Ключевые слова |
Основы проектирования и технологии электронной компонентной базы |
| 700 |
Другие авторы |
__ |
| a |
Другие авторы |
Лучников П. А. |
| q |
Полное имя |
Лучников Петр Александрович |
| 700 |
Другие авторы |
__ |
| a |
Другие авторы |
Степанчиков С. В. |
| q |
Полное имя |
Степанчиков Сергей Валентинович |
| 700 |
Другие авторы |
__ |
| a |
Другие авторы |
Сигов А. С. |
| q |
Полное имя |
Сигов Александр Сергеевич |
| 4 |
Код отношения |
340 |
| 856 |
Электронный адрес документа |
40 |
| n |
Местонахождение сервера |
Юрайт |
| g |
|
Электронная книга |
| q |
Тип электронного формата |
html |
| h |
Имя пользователя |
ЮРАЙТ |
| v |
Часы доступа к ресурсу |
20271231 |
| 2 |
Способ доступа |
Показать документ |
| x |
Служебное примечание |
https://urait.ru/book/cover/1795A1C4-B6B7-4F95-8CA1-62C133F8CD01 |
| u |
URL |
https://urait.ru/bcode/584020 |
| 856 |
Электронный адрес документа |
48 |
| q |
Тип электронного формата |
cover |
| u |
URL |
https://urait.ru/book/cover/1795A1C4-B6B7-4F95-8CA1-62C133F8CD01 |
| 911 |
|
__ |
| u |
|
0030=https://urait.ru/bcode/584020 |
| 911 |
|
__ |
| u |
|
073a=9785534031966 |
| u |
|
073d=1559.00 |
| 911 |
|
__ |
| u |
|
106a=s |
| 911 |
|
__ |
| u |
|
900l= |
| 952 |
Тип литературы |
__ |
| i |
Дисциплина |
Компьютерное моделирование и проектирование электронных приборов и устройств |
| 952 |
Тип литературы |
__ |
| i |
Дисциплина |
Основы компьютерного проектирования и моделирования радиоэлектронных средств |
| 952 |
Тип литературы |
__ |
| i |
Дисциплина |
Теория механизмов и машин |
| 952 |
Тип литературы |
__ |
| i |
Дисциплина |
Проектирование электротехнических устройств |
| 952 |
Тип литературы |
__ |
| i |
Дисциплина |
Основы проектирования электронной компонентной базы |
| 952 |
Тип литературы |
__ |
| i |
Дисциплина |
Проектирование и технология электронной компонентной базы |
| 952 |
Тип литературы |
__ |
| i |
Дисциплина |
Схемотехническое проектирование электронных средств |
| 952 |
Тип литературы |
__ |
| i |
Дисциплина |
Теория машин и механизмов |
| 952 |
Тип литературы |
__ |
| i |
Дисциплина |
Основы теории машин и механизмов |
| 952 |
Тип литературы |
__ |
| i |
Дисциплина |
Основы проектирования и технологии электронной компонентной базы |